000 00501cam a2200205ua 4500
001 7914
005 20260515114252.0
008 141230n ii |||gr||||Z||||||hin
040 _cMAIN
041 _ahin
082 _a891.435
100 _aShukla, U. Ch.,
_eAuthor.
245 1 _aHindi vyakaran
_cBy Umesh Chandra Shukla
250 _a1st.
260 _aNew Delhi:
_bBani,
_c2000.
300 _a225p.
653 _aEast Indo-European & Celtic literatures
653 _aHindi grammar
942 _cBK
999 _c7029
_d7029